[Event "OP-2011-0-01380"]
[Site "LSS email"]
[Date "2011.01.22"]
[Round "?"]
[White "Lorkin, Peter"]
[Black "Pehl, Ferenc"]
[Result "0-1"]
[WhiteElo "1400"]
[BlackElo "805"]
[PlyCount "26"]
[EventDate "2011.01.17"]
[EventType "tourn (corr)"]
[EventRounds "4"]
[EventCountry "GER"]
[SourceTitle "Corr 2015"]
[Source "ChessBase"]
[SourceDate "2015.07.17"]
[SourceVersion "1"]
[SourceVersionDate "2015.07.17"]
[SourceQuality "1"]

1. d4 Nf6 2. Bg5 e6 3. e4 Be7 4. Nc3 d5 5. Bxf6 Bxf6 6. e5 Be7 7. f4 0-0 8. Nf3 a6 9. Bd3 Nc6 10. 0-0 h6 11. a3 Bd7 12. Ne2 Re8 13. c4 dxc4 0-1